The soy for health cookbook : (Record no. 32738)

MARC details
000 -LEADER
fixed length control field 00649nam a2200205 a 4500
001 - CONTROL NUMBER
control field vtls003019199
003 - CONTROL NUMBER IDENTIFIER
control field MY-SjTCS
005 - DATE AND TIME OF LATEST TRANSACTION
control field 20200306154759.0
008 - FIXED-LENGTH DATA ELEMENTS--GENERAL INFORMATION
fixed length control field 110218 000 0 eng d
020 ## - INTERNATIONAL STANDARD BOOK NUMBER
International Standard Book Number 9814019321
039 #9 - LEVEL OF BIBLIOGRAPHIC CONTROL AND CODING DETAIL [OBSOLETE]
Level of rules in bibliographic description 201102181648
Level of effort used to assign nonsubject heading access points VLOAD
Level of effort used to assign subject headings 200410151634
Level of effort used to assign classification pushpa
-- 200410101418
-- kusuma
082 04 - DEWEY DECIMAL CLASSIFICATION NUMBER
Classification number 641.65655
Item number HAY
100 1# - MAIN ENTRY--PERSONAL NAME
Personal name Hayter, Kurumi.
9 (RLIN) 216789
245 14 - TITLE STATEMENT
Title The soy for health cookbook :
Remainder of title recipes with style and taste /
Statement of responsibility, etc. Kurumi Hayter.
260 ## - PUBLICATION, DISTRIBUTION, ETC.
Place of publication, distribution, etc. Singapore :
Name of publisher, distributor, etc. Page One,
Date of publication, distribution, etc. 2001
300 ## - PHYSICAL DESCRIPTION
Extent 144 p. :
Other physical details col. ill;
Dimensions 25 cm.
650 #0 - SUBJECT ADDED ENTRY--TOPICAL TERM
Topical term or geographic name entry element Cooking (Soybeans)
9 (RLIN) 49643
650 #0 - SUBJECT ADDED ENTRY--TOPICAL TERM
Topical term or geographic name entry element Soyfoods.
9 (RLIN) 17979
920 ## - Programme
Programme TCHT: 640532
Holdings
Withdrawn status Lost status Source of classification or shelving scheme Damaged status Not for loan Home library Current library Date acquired Total Checkouts Barcode Date last seen Date last checked out Copy number Koha item type Public note
  Lost Dewey Decimal Classification     Taylor's Library-TU Taylor's Library-TU 14/10/2004 6 1000804149 05/12/2019 27/01/2010 1 Main Collection SCAFS,30003,02,GR